[Event "9 Round Open"]
[Site "Enniscrone, Sligo, IE"]
[Date "2026.02.04"]
[Round "4"]
[White "Bienko, Jagoda"]
[Black "Melling, Jonathon"]
[Result "1-0"]
[Board "14"]
[WhiteFideId "1194569"]
[BlackFideId "841790"]
[WhiteElo "1803"]
[BlackElo "1878"]
[WhiteTeam "AUT"]
[BlackTeam "IRL"]
[WhiteClock "0:39:32"]
[BlackClock "0:01:53"]
[Variant "Standard"]

1. d4 {[%clk 1:30:53]}  c6 {[%clk 1:30:53]} 2. c4 {[%clk 1:31:15]}  d5 {[%clk 1:31:20]} 3. Nc3 {[%clk 1:31:35]}  Nf6 {[%clk 1:31:45]} 4. Nf3 {[%clk 1:31:55]}  e6 {[%clk 1:32:03]} 5. Bg5 {[%clk 1:32:12]}  Nbd7 {[%clk 1:32:26]} 6. e3 {[%clk 1:32:15]}  Qa5 {[%clk 1:32:33]} 7. Qa4 {[%clk 1:26:31]}  Bb4 {[%clk 1:31:12]} 8. Qxa5 {[%clk 1:26:13]}  Bxa5 {[%clk 1:31:38]} 9. Rc1 {[%clk 1:24:30]}  h6 {[%clk 1:30:22]} 10. Bf4 {[%clk 1:17:30]}  Ne4 {[%clk 1:24:53]} 11. cxd5 {[%clk 1:22:00]}  exd5 {[%clk 1:24:50]} 12. Bd3 {[%clk 1:22:11]}  g5 {[%clk 1:23:59]} 13. Bg3 {[%clk 1:21:22]}  Nxg3 {[%clk 1:11:17]} 14. hxg3 {[%clk 1:21:42]}  g4 {[%clk 0:51:10]} 15. Nh4 {[%clk 1:19:02]}  Nf6 {[%clk 0:50:28]} 16. Nf5 {[%clk 1:19:07]}  Bxf5 {[%clk 0:46:23]} 17. Bxf5 {[%clk 1:19:30]}  Ke7 {[%clk 0:44:10]} 18. Ke2 {[%clk 1:13:53]}  h5 {[%clk 0:42:33]} 19. Na4 {[%clk 1:11:51]}  Ne8 {[%clk 0:41:10]} 20. Bxg4 {[%clk 1:11:44]}  Nf6 {[%clk 0:39:22]} 21. Bf3 {[%clk 1:10:14]}  Bb4 {[%clk 0:33:20]} 22. Rh4 {[%clk 1:02:50]}  Rag8 {[%clk 0:32:09]} 23. Rch1 {[%clk 1:01:58]}  Rh7 {[%clk 0:28:48]} 24. Bxh5 {[%clk 1:00:56]}  Nxh5 {[%clk 0:26:47]} 25. Rxh5 {[%clk 1:00:29]}  Rxh5 {[%clk 0:26:55]} 26. Rxh5 {[%clk 1:00:52]}  Bd6 {[%clk 0:26:46]} 27. Nc5 {[%clk 0:57:18]}  b6 {[%clk 0:27:01]} 28. Nd3 {[%clk 0:57:41]}  a6 {[%clk 0:21:50]} 29. Kf3 {[%clk 0:56:45]}  a5 {[%clk 0:21:35]} 30. g4 {[%clk 0:53:36]}  Ke6 {[%clk 0:21:14]} 31. g5 {[%clk 0:50:14]}  Kf5 {[%clk 0:14:30]} 32. g4+ {[%clk 0:46:20]}  Ke6 {[%clk 0:14:56]} 33. Nf4+ {[%clk 0:45:52]}  Kd7 {[%clk 0:14:46]} 34. Rh7 {[%clk 0:45:00]}  Ke8 {[%clk 0:14:40]} 35. Rh6 {[%clk 0:44:33]}  Ke7 {[%clk 0:14:30]} 36. g6 {[%clk 0:43:33]}  Bxf4 {[%clk 0:07:37]} 37. gxf7 {[%clk 0:43:40]}  Rxg4 {[%clk 0:01:30]} 38. Rh8 {[%clk 0:40:14]}  Kxf7 {[%clk 0:00:47]} 39. Kxg4 {[%clk 0:40:36]}  Bd6 {[%clk 0:00:40]} 40. Rc8 {[%clk 0:40:46]}  c5 {[%clk 0:00:44]} 41. dxc5 {[%clk 0:40:26]}  Bxc5 {[%clk 0:01:08]} 42. Kf5 {[%clk 0:39:41]}  Ke7 {[%clk 0:01:33]} 43. Rxc5 {[%clk 0:39:32]}  bxc5 {[%clk 0:01:53]} 1-0

[Event "9 Round Open"]
[Site "Enniscrone, Sligo, IE"]
[Date "2026.02.04"]
[Round "4"]
[White "McGill, Derek"]
[Black "Ranade, Akshay"]
[Result "1/2-1/2"]
[Board "15"]
[WhiteFideId "2510375"]
[BlackFideId "2515270"]
[WhiteElo "1853"]
[BlackElo "1723"]
[WhiteTeam "IRL"]
[BlackTeam "IRL"]
[WhiteClock "0:37:56"]
[BlackClock "0:58:11"]
[Variant "Standard"]

1. c4 {[%clk 1:30:36]}  e5 {[%clk 1:28:01]} 2. Nc3 {[%clk 1:30:58]}  Nf6 {[%clk 1:28:19]} 3. g3 {[%clk 1:31:18]}  c6 {[%clk 1:27:36]} 4. e4 {[%clk 1:26:06]}  d5 {[%clk 1:27:14]} 5. cxd5 {[%clk 1:23:36]}  cxd5 {[%clk 1:27:05]} 6. exd5 {[%clk 1:23:31]}  Nxd5 {[%clk 1:27:28]} 7. Nf3 {[%clk 1:08:04]}  Nc6 {[%clk 1:21:49]} 8. a3 {[%clk 0:52:21]}  Bc5 {[%clk 1:07:19]} 9. Bg2 {[%clk 0:49:53]}  Bg4 {[%clk 1:02:22]} 10. Qa4 {[%clk 0:47:04]}  Bxf3 {[%clk 1:00:54]} 11. Bxf3 {[%clk 0:47:18]}  Nxc3 {[%clk 1:00:48]} 12. Bxc6+ {[%clk 0:42:35]}  Kf8 {[%clk 0:58:46]} 13. dxc3 {[%clk 0:42:00]}  Qf6 {[%clk 0:58:23]} 14. O-O {[%clk 0:39:12]}  Qxc6 {[%clk 0:58:11]} 15. Qxc6 {[%clk 0:37:56]} 1/2-1/2

[Event "9 Round Open"]
[Site "Enniscrone, Sligo, IE"]
[Date "2026.02.04"]
[Round "4"]
[White "Saine, Zachary"]
[Black "O`Flaherty, Kevin"]
[Result "1-0"]
[Board "16"]
[WhiteFideId "2624346"]
[BlackFideId "2502283"]
[WhiteElo "2149"]
[BlackElo "1956"]
[WhiteTeam "CAN"]
[BlackTeam "IRL"]
[WhiteClock "0:48:49"]
[BlackClock "0:03:27"]
[Variant "Standard"]

1. e4 {[%clk 1:30:58]}  c6 {[%clk 1:30:55]} 2. Nf3 {[%clk 1:31:23]}  d5 {[%clk 1:31:00]} 3. d3 {[%clk 1:31:49]}  dxe4 {[%clk 1:30:58]} 4. dxe4 {[%clk 1:32:13]}  Qxd1+ {[%clk 1:31:13]} 5. Kxd1 {[%clk 1:32:39]}  Bg4 {[%clk 1:23:14]} 6. Be2 {[%clk 1:32:50]}  Nd7 {[%clk 1:22:19]} 7. Ne1 {[%clk 1:32:29]}  Bxe2+ {[%clk 1:14:31]} 8. Kxe2 {[%clk 1:32:36]}  e5 {[%clk 1:14:44]} 9. f3 {[%clk 1:31:40]}  f6 {[%clk 1:14:01]} 10. Nd3 {[%clk 1:29:37]}  Ne7 {[%clk 1:11:17]} 11. Be3 {[%clk 1:29:05]}  Ng6 {[%clk 1:05:20]} 12. a4 {[%clk 1:28:43]}  Bd6 {[%clk 1:04:10]} 13. g3 {[%clk 1:27:30]}  h5 {[%clk 0:59:31]} 14. h4 {[%clk 1:27:22]}  Ngf8 {[%clk 0:54:46]} 15. Nd2 {[%clk 1:26:59]}  Ne6 {[%clk 0:54:45]} 16. Nc4 {[%clk 1:24:19]}  Bc7 {[%clk 0:54:27]} 17. c3 {[%clk 1:24:07]}  Ke7 {[%clk 0:52:37]} 18. a5 {[%clk 1:23:50]}  Rhb8 {[%clk 0:42:36]} 19. b4 {[%clk 1:23:18]}  b5 {[%clk 0:41:12]} 20. Nd2 {[%clk 1:17:53]}  a6 {[%clk 0:37:59]} 21. Nb3 {[%clk 1:17:51]}  Bd6 {[%clk 0:37:50]} 22. Ra2 {[%clk 1:13:19]}  Rc8 {[%clk 0:34:10]} 23. Nbc5 {[%clk 1:13:02]}  Bxc5 {[%clk 0:32:23]} 24. bxc5 {[%clk 1:13:20]}  Rc7 {[%clk 0:31:12]} 25. f4 {[%clk 1:13:18]}  g6 {[%clk 0:30:41]} 26. Kf3 {[%clk 1:09:24]}  Rf8 {[%clk 0:24:19]} 27. f5 {[%clk 1:09:13]}  gxf5 {[%clk 0:22:38]} 28. exf5 {[%clk 1:09:09]}  Nd8 {[%clk 0:22:50]} 29. Nf2 {[%clk 1:07:40]}  Rg8 {[%clk 0:18:42]} 30. Rg1 {[%clk 1:07:06]}  Nb7 {[%clk 0:18:08]} 31. Ne4 {[%clk 1:05:05]}  Rg4 {[%clk 0:18:10]} 32. Rd1 {[%clk 1:05:06]}  Rxe4 {[%clk 0:06:19]} 33. Kxe4 {[%clk 1:05:08]}  Nbxc5+ {[%clk 0:06:46]} 34. Kf3 {[%clk 1:05:07]}  Nb7 {[%clk 0:06:10]} 35. g4 {[%clk 1:05:19]}  Nd6 {[%clk 0:05:13]} 36. gxh5 {[%clk 1:03:15]}  Nxf5 {[%clk 0:05:39]} 37. Rad2 {[%clk 1:01:19]}  Ke6 {[%clk 0:05:15]} 38. h6 {[%clk 0:52:10]}  e4+ {[%clk 0:04:36]} 39. Kxe4 {[%clk 0:51:42]}  Ne5 {[%clk 0:04:34]} 40. Bf4 {[%clk 0:50:44]}  Rh7 {[%clk 0:04:31]} 41. h5 {[%clk 0:50:40]}  Rh8 {[%clk 0:04:41]} 42. Rd8 {[%clk 0:50:33]}  Rh7 {[%clk 0:02:56]} 43. Re8+ {[%clk 0:50:01]}  Ne7 {[%clk 0:03:00]} 44. Bxe5 {[%clk 0:48:40]}  fxe5 {[%clk 0:03:27]} 45. Rg1 {[%clk 0:48:49]} 1-0

[Event "9 Round Open"]
[Site "Enniscrone, Sligo, IE"]
[Date "2026.02.04"]
[Round "4"]
[White "Konig, Jon"]
[Black "Vitiukov, Mikhail"]
[Result "0-1"]
[Board "18"]
[WhiteFideId "343468780"]
[BlackFideId "14168839"]
[WhiteElo "1661"]
[BlackElo "1650"]
[WhiteTeam "ENG"]
[BlackTeam "UKR"]
[WhiteClock "1:24:26"]
[BlackClock "1:32:02"]
[Variant "Standard"]

1. e4 {[%clk 1:30:58]}  e5 {[%clk 1:30:57]} 2. Nf3 {[%clk 1:31:23]}  d6 {[%clk 1:31:24]} 3. Bc4 {[%clk 1:31:23]}  Be7 {[%clk 1:31:17]} 4. h3 {[%clk 1:29:56]}  Nf6 {[%clk 1:31:40]} 5. d3 {[%clk 1:30:12]}  O-O {[%clk 1:32:05]} 6. Nc3 {[%clk 1:30:31]}  c6 {[%clk 1:32:32]} 7. Be3 {[%clk 1:27:49]}  d5 {[%clk 1:32:32]} 8. exd5 {[%clk 1:25:28]}  cxd5 {[%clk 1:32:49]} 9. Nxe5 {[%clk 1:25:28]}  dxc4 {[%clk 1:32:49]} 10. Nxc4 {[%clk 1:25:46]}  Nc6 {[%clk 1:32:45]} 11. Qd2 {[%clk 1:24:26]}  Be6 {[%clk 1:32:02]} 0-1

[Event "9 Round Open"]
[Site "Enniscrone, Sligo, IE"]
[Date "2026.02.04"]
[Round "4"]
[White "Webb, Nick"]
[Black "Prado, Alexandra"]
[Result "1/2-1/2"]
[Board "19"]
[WhiteFideId "2517302"]
[BlackFideId "3301346"]
[BlackTitle "WCM"]
[WhiteElo "1876"]
[BlackElo "1924"]
[WhiteTeam "IRL"]
[BlackTeam "BOL"]
[WhiteClock "0:11:57"]
[BlackClock "0:00:34"]
[Variant "Standard"]

1. Nf3 {[%clk 1:30:46]}  Nf6 {[%clk 1:30:36]} 2. c4 {[%clk 1:30:38]}  g6 {[%clk 1:30:48]} 3. b3 {[%clk 1:30:50]}  Bg7 {[%clk 1:30:09]} 4. Bb2 {[%clk 1:31:09]}  O-O {[%clk 1:29:08]} 5. g3 {[%clk 1:30:40]}  c5 {[%clk 1:27:18]} 6. Bg2 {[%clk 1:30:41]}  Nc6 {[%clk 1:27:13]} 7. O-O {[%clk 1:30:42]}  d6 {[%clk 1:26:02]} 8. d3 {[%clk 1:30:26]}  Bg4 {[%clk 1:24:54]} 9. h3 {[%clk 1:21:16]}  Bd7 {[%clk 1:22:49]} 10. Nbd2 {[%clk 1:18:49]}  Qc8 {[%clk 1:22:53]} 11. h4 {[%clk 1:16:54]}  Bh3 {[%clk 1:20:30]} 12. Rb1 {[%clk 1:15:18]}  Bxg2 {[%clk 1:09:39]} 13. Kxg2 {[%clk 1:15:42]}  Qd7 {[%clk 1:09:39]} 14. a3 {[%clk 1:09:10]}  d5 {[%clk 1:09:19]} 15. b4 {[%clk 1:05:50]}  dxc4 {[%clk 1:04:07]} 16. Nxc4 {[%clk 1:05:17]}  cxb4 {[%clk 1:03:40]} 17. axb4 {[%clk 1:05:34]}  b5 {[%clk 1:01:47]} 18. Nce5 {[%clk 1:04:24]}  Nxe5 {[%clk 1:02:00]} 19. Bxe5 {[%clk 1:04:37]}  Rfc8 {[%clk 0:52:09]} 20. Qb3 {[%clk 1:03:03]}  Qd5 {[%clk 0:51:04]} 21. e4 {[%clk 0:55:41]}  Qd7 {[%clk 0:44:16]} 22. Rfd1 {[%clk 0:46:56]}  Qb7 {[%clk 0:37:50]} 23. Ng5 {[%clk 0:43:07]}  e6 {[%clk 0:37:39]} 24. Qb2 {[%clk 0:39:16]}  Ne8 {[%clk 0:30:41]} 25. Bxg7 {[%clk 0:37:52]}  Nxg7 {[%clk 0:31:10]} 26. Kg1 {[%clk 0:34:52]}  h6 {[%clk 0:30:17]} 27. Nf3 {[%clk 0:34:23]}  Rc7 {[%clk 0:25:05]} 28. Rbc1 {[%clk 0:33:25]}  Rac8 {[%clk 0:24:15]} 29. Qd2 {[%clk 0:29:42]}  Kh7 {[%clk 0:21:00]} 30. Qe3 {[%clk 0:27:12]}  f5 {[%clk 0:14:48]} 31. Ne5 {[%clk 0:24:55]}  Rxc1 {[%clk 0:03:56]} 32. Rxc1 {[%clk 0:25:05]}  Rxc1+ {[%clk 0:04:02]} 33. Qxc1 {[%clk 0:25:26]}  fxe4 {[%clk 0:04:15]} 34. Ng4 {[%clk 0:25:20]}  e3 {[%clk 0:00:57]} 35. Qxe3 {[%clk 0:24:09]}  Nf5 {[%clk 0:00:41]} 36. Qxe6 {[%clk 0:21:47]}  Nd4 {[%clk 0:00:39]} 37. Nf6+ {[%clk 0:21:18]}  Kg7 {[%clk 0:01:01]} 38. Ne8+ {[%clk 0:18:35]}  Kh7 {[%clk 0:00:45]} 39. Nf6+ {[%clk 0:16:54]}  Kg7 {[%clk 0:01:07]} 40. Nh5+ {[%clk 0:14:09]}  Kh7 {[%clk 0:00:44]} 41. Nf6+ {[%clk 0:13:54]}  Kg7 {[%clk 0:00:20]} 42. Ne8+ {[%clk 0:13:49]}  Kh7 {[%clk 0:00:43]} 43. Qe4 {[%clk 0:11:59]}  Qxe4 {[%clk 0:00:38]} 44. dxe4 {[%clk 0:11:57]}  Nc2 {[%clk 0:00:34]} 1/2-1/2

[Event "9 Round Open"]
[Site "Enniscrone, Sligo, IE"]
[Date "2026.02.04"]
[Round "4"]
[White "Ashbrooke, Monika"]
[Black "Mabhena, Vladimir"]
[Result "1-0"]
[Board "20"]
[WhiteFideId "15600262"]
[BlackFideId "2519143"]
[WhiteTitle "WCM"]
[WhiteElo "1628"]
[BlackElo "1546"]
[WhiteTeam "JCI"]
[BlackTeam "IRL"]
[WhiteClock "0:11:42"]
[BlackClock "0:07:06"]
[Variant "Standard"]

1. d4 {[%clk 1:29:42]}  Nf6 {[%clk 1:30:32]} 2. Nf3 {[%clk 1:30:04]}  e6 {[%clk 1:30:30]} 3. g3 {[%clk 1:30:17]}  c5 {[%clk 1:29:32]} 4. Bg2 {[%clk 1:27:50]}  Nc6 {[%clk 1:29:36]} 5. O-O {[%clk 1:28:01]}  Be7 {[%clk 1:29:41]} 6. c4 {[%clk 1:27:36]}  cxd4 {[%clk 1:29:04]} 7. Nxd4 {[%clk 1:27:50]}  O-O {[%clk 1:29:03]} 8. Nc3 {[%clk 1:27:23]}  a6 {[%clk 1:26:17]} 9. e4 {[%clk 1:21:41]}  d6 {[%clk 1:20:28]} 10. Nxc6 {[%clk 1:18:00]}  bxc6 {[%clk 1:20:22]} 11. e5 {[%clk 1:18:01]}  dxe5 {[%clk 1:17:23]} 12. Bxc6 {[%clk 1:17:36]}  Ra7 {[%clk 1:14:05]} 13. b3 {[%clk 1:09:43]}  Bc5 {[%clk 1:05:30]} 14. Qe2 {[%clk 0:59:17]}  Qc7 {[%clk 1:01:24]} 15. Bg2 {[%clk 0:58:39]}  Bb7 {[%clk 1:00:26]} 16. Bg5 {[%clk 0:56:19]}  Bxg2 {[%clk 0:55:56]} 17. Kxg2 {[%clk 0:56:45]}  Nd7 {[%clk 0:54:54]} 18. Ne4 {[%clk 0:54:17]}  Bd4 {[%clk 0:51:57]} 19. Rad1 {[%clk 0:50:24]}  Qc6 {[%clk 0:49:47]} 20. Qf3 {[%clk 0:45:37]}  Qb6 {[%clk 0:44:21]} 21. Nc3 {[%clk 0:41:35]}  h6 {[%clk 0:38:46]} 22. Na4 {[%clk 0:39:10]}  Qb7 {[%clk 0:35:36]} 23. Be3 {[%clk 0:36:07]}  Bxe3 {[%clk 0:33:04]} 24. Qxb7 {[%clk 0:36:16]}  Rxb7 {[%clk 0:33:28]} 25. fxe3 {[%clk 0:36:42]}  a5 {[%clk 0:30:56]} 26. Rd6 {[%clk 0:36:44]}  Ra8 {[%clk 0:29:53]} 27. Rfd1 {[%clk 0:36:49]}  Nf6 {[%clk 0:28:20]} 28. c5 {[%clk 0:31:33]}  Ne4 {[%clk 0:21:17]} 29. Rd8+ {[%clk 0:28:50]}  Rxd8 {[%clk 0:20:49]} 30. Rxd8+ {[%clk 0:29:14]}  Kh7 {[%clk 0:21:12]} 31. Kf3 {[%clk 0:26:41]}  Ng5+ {[%clk 0:19:33]} 32. Ke2 {[%clk 0:26:03]}  Ne4 {[%clk 0:16:18]} 33. Kd3 {[%clk 0:24:47]}  Nf2+ {[%clk 0:16:03]} 34. Ke2 {[%clk 0:21:27]}  Ne4 {[%clk 0:16:04]} 35. Rc8 {[%clk 0:20:36]}  Rd7 {[%clk 0:13:47]} 36. c6 {[%clk 0:19:22]}  Rd2+ {[%clk 0:14:03]} 37. Ke1 {[%clk 0:19:25]}  Rc2 {[%clk 0:13:44]} 38. Kd1 {[%clk 0:18:31]}  Rd2+ {[%clk 0:13:17]} 39. Kc1 {[%clk 0:18:21]}  Rxh2 {[%clk 0:09:35]} 40. c7 {[%clk 0:16:55]}  Rh1+ {[%clk 0:09:55]} 41. Kc2 {[%clk 0:16:58]}  Rh2+ {[%clk 0:09:54]} 42. Kd3 {[%clk 0:15:04]}  f5 {[%clk 0:09:09]} 43. Rh8+ {[%clk 0:13:59]}  Kxh8 {[%clk 0:08:57]} 44. c8=Q+ {[%clk 0:14:22]}  Kh7 {[%clk 0:09:24]} 45. Qxe6 {[%clk 0:11:44]}  Rd2+ {[%clk 0:09:13]} 46. Kc4 {[%clk 0:11:58]}  Rc2+ {[%clk 0:09:17]} 47. Kb5 {[%clk 0:11:22]}  Rxa2 {[%clk 0:07:06]} 48. Qxf5+ {[%clk 0:11:42]} 1-0

[Event "9 Round Open"]
[Site "Enniscrone, Sligo, IE"]
[Date "2026.02.05"]
[Round "5"]
[White "Blohberger, Felix"]
[Black "Alvarez Jimenez, Alfonso"]
[Result "1-0"]
[Board "1"]
[WhiteFideId "1632051"]
[BlackFideId "2297418"]
[WhiteTitle "GM"]
[WhiteElo "2543"]
[BlackElo "1868"]
[WhiteTeam "AUT"]
[BlackTeam "ESP"]
[WhiteClock "0:24:10"]
[BlackClock "0:00:50"]
[Variant "Standard"]

1. Nf3 {[%clk 1:30:52]}  d5 {[%clk 1:26:42]} 2. g3 {[%clk 1:31:16]}  Nf6 {[%clk 1:25:56]} 3. Bg2 {[%clk 1:31:41]}  c5 {[%clk 1:24:30]} 4. O-O {[%clk 1:31:58]}  Nc6 {[%clk 1:24:39]} 5. d4 {[%clk 1:32:21]}  e6 {[%clk 1:22:46]} 6. c4 {[%clk 1:31:04]}  Be7 {[%clk 1:21:20]} 7. cxd5 {[%clk 1:29:32]}  exd5 {[%clk 1:21:14]} 8. Nc3 {[%clk 1:29:15]}  h6 {[%clk 1:16:45]} 9. b3 {[%clk 1:28:21]}  O-O {[%clk 1:10:17]} 10. Bb2 {[%clk 1:28:48]}  Be6 {[%clk 1:08:09]} 11. dxc5 {[%clk 1:21:15]}  Bxc5 {[%clk 1:05:37]} 12. Na4 {[%clk 1:21:21]}  Bd6 {[%clk 1:03:58]} 13. Nd4 {[%clk 1:19:43]}  Bd7 {[%clk 0:57:18]} 14. Rc1 {[%clk 1:15:52]}  Ne5 {[%clk 0:48:03]} 15. Nc5 {[%clk 1:12:52]}  Rb8 {[%clk 0:39:54]} 16. Nxd7 {[%clk 1:09:20]}  Qxd7 {[%clk 0:37:46]} 17. e3 {[%clk 1:08:45]}  Rbc8 {[%clk 0:34:29]} 18. Qe2 {[%clk 1:08:21]}  a6 {[%clk 0:34:19]} 19. Rcd1 {[%clk 0:49:45]}  Rfe8 {[%clk 0:26:10]} 20. Nf3 {[%clk 0:42:50]}  Qe6 {[%clk 0:19:09]} 21. Nd4 {[%clk 0:37:31]}  Qd7 {[%clk 0:17:43]} 22. Ba1 {[%clk 0:35:35]}  Bc5 {[%clk 0:16:51]} 23. Qb2 {[%clk 0:33:09]}  Qg4 {[%clk 0:12:56]} 24. Qb1 {[%clk 0:30:06]}  Rcd8 {[%clk 0:08:54]} 25. h3 {[%clk 0:29:32]}  Qh5 {[%clk 0:06:58]} 26. Qf5 {[%clk 0:28:11]}  Bxd4 {[%clk 0:02:32]} 27. Qxh5 {[%clk 0:28:35]}  Nxh5 {[%clk 0:02:59]} 28. Rxd4 {[%clk 0:27:24]}  Nc6 {[%clk 0:01:36]} 29. Rxd5 {[%clk 0:27:15]}  Rxd5 {[%clk 0:01:54]} 30. Bxd5 {[%clk 0:27:39]}  g6 {[%clk 0:01:43]} 31. Rc1 {[%clk 0:24:59]}  Rc8 {[%clk 0:01:18]} 32. b4 {[%clk 0:24:01]}  Kf8 {[%clk 0:00:50]} 33. a4 {[%clk 0:24:10]} 1-0

[Event "9 Round Open"]
[Site "Enniscrone, Sligo, IE"]
[Date "2026.02.05"]
[Round "5"]
[White "Rosol, Philip"]
[Black "Krastev, Alexander"]
[Result "0-1"]
[Board "2"]
[WhiteFideId "1664905"]
[BlackFideId "12989983"]
[BlackTitle "IM"]
[WhiteElo "2271"]
[BlackElo "2433"]
[WhiteTeam "POL"]
[BlackTeam "GER"]
[WhiteClock "0:14:25"]
[BlackClock "0:03:08"]
[Variant "Standard"]

1. d4 {[%clk 1:30:57]}  d5 {[%clk 1:30:34]} 2. c4 {[%clk 1:31:16]}  e6 {[%clk 1:31:02]} 3. Nc3 {[%clk 1:31:36]}  Nf6 {[%clk 1:31:27]} 4. cxd5 {[%clk 1:31:46]}  exd5 {[%clk 1:31:53]} 5. Bg5 {[%clk 1:32:10]}  Be6 {[%clk 1:32:17]} 6. e3 {[%clk 1:29:12]}  c6 {[%clk 1:32:17]} 7. Bd3 {[%clk 1:29:24]}  Nbd7 {[%clk 1:32:42]} 8. Nf3 {[%clk 1:26:11]}  h6 {[%clk 1:32:51]} 9. Bh4 {[%clk 1:24:15]}  g5 {[%clk 1:33:14]} 10. Bg3 {[%clk 1:24:37]}  Nh5 {[%clk 1:33:41]} 11. Be5 {[%clk 1:16:28]}  Ng7 {[%clk 1:34:05]} 12. Bg3 {[%clk 1:07:36]}  Nh5 {[%clk 1:34:21]} 13. Be5 {[%clk 1:06:51]}  Nxe5 {[%clk 1:34:46]} 14. Nxe5 {[%clk 1:07:11]}  Nf6 {[%clk 1:35:15]} 15. O-O {[%clk 1:06:08]}  Nd7 {[%clk 1:35:36]} 16. Nxd7 {[%clk 0:56:02]}  Qxd7 {[%clk 1:31:20]} 17. Na4 {[%clk 0:56:10]}  Bd6 {[%clk 1:02:25]} 18. Nc5 {[%clk 0:52:27]}  Qe7 {[%clk 0:50:38]} 19. Nxe6 {[%clk 0:47:11]}  fxe6 {[%clk 0:48:54]} 20. Qh5+ {[%clk 0:44:21]}  Kd7 {[%clk 0:49:14]} 21. Rae1 {[%clk 0:42:00]}  Raf8 {[%clk 0:48:58]} 22. e4 {[%clk 0:39:13]}  Qf7 {[%clk 0:49:14]} 23. Qd1 {[%clk 0:38:45]}  h5 {[%clk 0:44:50]} 24. Qb3 {[%clk 0:36:45]}  Kc8 {[%clk 0:37:15]} 25. Rc1 {[%clk 0:24:44]}  Qc7 {[%clk 0:35:39]} 26. e5 {[%clk 0:23:02]}  Be7 {[%clk 0:36:01]} 27. Qa4 {[%clk 0:21:41]}  Qb6 {[%clk 0:32:15]} 28. b4 {[%clk 0:20:14]}  Rf4 {[%clk 0:31:24]} 29. Rc2 {[%clk 0:16:55]}  Rxd4 {[%clk 0:29:27]} 30. Rfc1 {[%clk 0:16:03]}  Kb8 {[%clk 0:28:42]} 31. Bg6 {[%clk 0:12:31]}  Qxb4 {[%clk 0:08:14]} 32. Qxb4 {[%clk 0:12:55]}  Rxb4 {[%clk 0:08:32]} 33. Rc3 {[%clk 0:13:15]}  Rh6 {[%clk 0:04:29]} 34. Be8 {[%clk 0:13:36]}  g4 {[%clk 0:03:23]} 35. h3 {[%clk 0:13:07]}  Kc7 {[%clk 0:03:03]} 36. a3 {[%clk 0:12:47]}  Re4 {[%clk 0:00:32]} 37. f3 {[%clk 0:12:28]}  gxf3 {[%clk 0:00:34]} 38. Rxf3 {[%clk 0:12:19]}  Rxe5 {[%clk 0:00:39]} 39. a4 {[%clk 0:12:13]}  Kd8 {[%clk 0:00:38]} 40. Bf7 {[%clk 0:12:30]}  a5 {[%clk 0:00:40]} 41. Rb1 {[%clk 0:12:38]}  Bb4 {[%clk 0:01:02]} 42. Rbf1 {[%clk 0:12:57]}  Re1 {[%clk 0:00:36]} 43. g4 {[%clk 0:13:11]}  hxg4 {[%clk 0:00:34]} 44. Rxe1 {[%clk 0:13:30]}  gxf3 {[%clk 0:00:43]} 45. Rxe6 {[%clk 0:13:50]}  Rxh3 {[%clk 0:01:04]} 46. Re8+ {[%clk 0:14:00]}  Kc7 {[%clk 0:01:30]} 47. Rc8+ {[%clk 0:13:23]}  Kb6 {[%clk 0:01:53]} 48. Kf1 {[%clk 0:13:43]}  Bc5 {[%clk 0:02:15]} 49. Ke1 {[%clk 0:13:58]}  Rh1+ {[%clk 0:02:41]} 50. Kd2 {[%clk 0:14:25]}  f2 {[%clk 0:03:08]} 0-1